| 000 | 01033nam a2200277Ia 4500 | ||
|---|---|---|---|
| 003 | OSt | ||
| 005 | 20221005105616.0 | ||
| 006 | a|||||r|||| 00| 0 | ||
| 007 | ta | ||
| 008 | 221004b |||||||| |||| 00| 0 hin d | ||
| 020 |
_a9788123765693 (pbk) _cINR 45.00 |
||
| 024 | _a37969 | ||
| 037 |
_bBW/1662, 14/03/2018, Bookwell _cTextual |
||
| 040 |
_aCRL _cCRL _bhin |
||
| 041 |
_2hin _ahin |
||
| 082 | _aV2:51xN, 152Q2 | ||
| 100 | _aशर्मा, प्रवीण, ले. | ||
| 245 | 0 | _aमास्टरदा सूर्य सेन | |
| 246 | _aMāsṭaradā sūrya sena | ||
| 260 |
_aनई दिल्ली _bराष्ट्रीय पुस्तक न्यास भारत _c2012 |
||
| 300 |
_a54पृ0 _ccm. |
||
| 650 | _a स्वतंत्रता सेनानी | ||
| 650 |
_aभारत-इतिहास _9156353 |
||
| 942 |
_hV2:51xN, 152Q2 _cTEXL _2cc |
||
| 999 |
_c1016332 _d1016332 |
||